[Event "BAN-chT 1st League"]
[Site "Dhaka"]
[Date "2022.03.20"]
[Round "11.3"]
[White "Abu, Hanif1111"]
[Black "Parvej, Nahid Sagar"]
[Result "1/2-1/2"]
[WhiteElo "2023"]
[BlackElo "1979"]
[PlyCount "61"]
[EventDate "2022.03.10"]
[EventType "team-tourn"]
[EventRounds "11"]
[EventCountry "BAN"]
[SourceTitle "EXT 2023"]
[Source "ChessBase"]
[SourceDate "2022.10.05"]
[SourceVersion "1"]
[SourceVersionDate "2022.10.05"]
[SourceQuality "1"]
[WhiteTeam "Access"]
[BlackTeam "Agrani Bank Daba Dal"]
[WhiteTeamCountry "BAN"]
[BlackTeamCountry "BAN"]

1. d4 d5 2. c4 e6 3. Nc3 Nf6 4. cxd5 exd5 5. Bg5 Nbd7 6. e3 Be7 7. Nf3 c6 8. Bd3 0-0 9. 0-0 Re8 10. Qc2 Nf8 11. Rfe1 h6 12. Bh4 Ng4 13. Bxe7 Qxe7 14. Bf5 Bxf5 15. Qxf5 Nf6 16. Rab1 Qd7 17. Qxd7 N8xd7 18. b4 a6 19. Rec1 Rec8 20. Na4 b5 21. Nc5 Nxc5 22. dxc5 a5 23. a3 axb4 24. axb4 Ra4 25. Nd4 Nd7 26. h3 Ne5 27. Rd1 g6 28. Ne2 Rca8 29. e4 dxe4 30. Nc3 Ra3 31. Nxe4 1/2-1/2

[Event "Dhaka Marcel 1st Division"]
[Site "Dhaka"]
[Date "2019.11.17"]
[Round "6.4"]
[White "Parvej, Nahid Sagar"]
[Black "Hasan, Mostafa Razibul"]
[Result "1-0"]
[WhiteElo "1976"]
[BlackElo "1903"]
[PlyCount "61"]
[EventDate "2019.11.12"]
[EventType "team-tourn"]
[EventRounds "9"]
[EventCountry "BAN"]
[SourceTitle "CBM 193 Extra"]
[Source "ChessBase"]
[SourceDate "2020.01.31"]
[SourceVersion "1"]
[SourceVersionDate "2020.01.31"]
[SourceQuality "1"]
[WhiteTeam "Basir Memorial"]
[BlackTeam "Mir CC"]
[WhiteTeamCountry "BAN"]
[BlackTeamCountry "BAN"]

1. e4 c5 2. Nf3 Nc6 3. d4 cxd4 4. Nxd4 e6 5. Nc3 a6 6. Be3 Qc7 7. Be2 Nf6 8. 0-0 b5 9. Nxc6 dxc6 10. Bg5 b4 11. Bxf6 gxf6 12. Na4 Bd6 13. h3 Bb7 14. Bf3 Ke7 15. Qe2 Rhg8 16. Rad1 Rg7 17. Rd2 Qa5 18. Rfd1 Rd8 19. e5 fxe5 20. b3 f5 21. Qe3 e4 22. Rxd6 Rxd6 23. Rxd6 Qe5 24. Rd1 Kf6 25. Be2 c5 26. Qh6+ Rg6 27. Qf8+ Kg5 28. Qe7+ Kh6 29. Qh4+ Kg7 30. Rd7+ Kh8 31. Qxh7# 1-0

[Event "BAN Marcel 1st Div"]
[Site "Dhaka"]
[Date "2017.12.30"]
[Round "1.1"]
[White "Gusain, Himal"]
[Black "Parvej, Nahid Sagar"]
[Result "1-0"]
[WhiteElo "2444"]
[BlackElo "1995"]
[PlyCount "55"]
[EventDate "2017.12.30"]
[EventType "team-tourn"]
[EventRounds "9"]
[EventCountry "BAN"]
[SourceTitle "CBM 182 Extra"]
[Source "ChessBase"]
[SourceDate "2018.02.23"]
[SourceVersion "1"]
[SourceVersionDate "2018.02.23"]
[SourceQuality "1"]
[WhiteTeam "Esoft Arena"]
[BlackTeam "Basir Memorial CC"]
[WhiteTeamCountry "BAN"]
[BlackTeamCountry "BAN"]

1. e4 e6 2. d4 d5 3. Nc3 dxe4 4. Nxe4 Be7 5. Nf3 Nf6 6. Nxf6+ Bxf6 7. Bd3 Nd7 8. g4 c5 9. c3 cxd4 10. cxd4 Nb6 11. h4 Qd5 12. Be3 Bd7 13. Rg1 Bc6 14. Be2 Nc4 15. Bc1 Qa5+ 16. Kf1 Nd6 17. a4 Rd8 18. Be3 Qb4 19. b3 Ne4 20. g5 Be7 21. Ne5 Nd6 22. Nd3 Qa5 23. b4 Qd5 24. b5 Bd7 25. Nf4 Qf5 26. Bd3 Ne4 27. Qf3 Qd5 28. Nxd5 1-0

[Event "BAN-chT2"]
[Site "Dhaka"]
[Date "2016.11.07"]
[Round "5.2"]
[White "Parvej, Nahid Sagar"]
[Black "Jodunath, Biswas"]
[Result "1-0"]
[WhiteElo "2038"]
[BlackElo "1782"]
[PlyCount "211"]
[EventDate "2016.11.03"]
[EventType "team-swiss"]
[EventRounds "7"]
[EventCountry "BAN"]
[SourceTitle "CBM 175 Extra"]
[Source "ChessBase"]
[SourceDate "2016.12.12"]
[SourceVersion "1"]
[SourceVersionDate "2016.12.12"]
[SourceQuality "1"]
[WhiteTeam "New Nation Fenchugonj"]
[BlackTeam "Morning Glory"]
[WhiteTeamCountry "BAN"]
[BlackTeamCountry "BAN"]

1. e4 e6 2. d4 d5 3. Nc3 Nf6 4. Bg5 Be7 5. Bxf6 Bxf6 6. Nf3 Nd7 7. exd5 Nb6 8. Bb5+ Kf8 9. dxe6 Bxe6 10. 0-0 c6 11. Be2 h5 12. Ne4 Be7 13. Nc5 Bxc5 14. dxc5 Qxd1 15. Raxd1 Na4 16. Nd4 Nxc5 17. Nxe6+ Nxe6 18. Rd7 Rb8 19. Bc4 Rh6 20. Re1 Rf6 21. Bxe6 fxe6 22. f3 Rf7 23. Rd6 Re7 24. Rdxe6 Rxe6 25. Rxe6 Kf7 26. Re5 Rd8 27. Kf2 Kf6 28. Re2 a5 29. a3 b5 30. c3 c5 31. h4 Rd3 32. Ke1 b4 33. axb4 axb4 34. cxb4 cxb4 35. Re4 Rb3 36. Re2 Rd3 37. Kf2 Kf5 38. Kg3 Rb3 39. Kf2 Rd3 40. Ke1 Rd4 41. g3 Rd3 42. Kf2 Kf6 43. Rc2 Ke5 44. Ke2 Rb3 45. Rd2 Ke6 46. Kf2 Ke5 47. Kg2 Re3 48. Kf2 Rb3 49. Kg2 Kf5 50. Re2 g5 51. hxg5 Kxg5 52. Rf2 Rd3 53. Kh3 Rd1 54. f4+ Kf5 55. Rc2 Rh1+ 56. Kg2 Rb1 57. Kf3 Rf1+ 58. Rf2 Re1 59. Re2 Rf1+ 60. Rf2 Rb1 61. Rh2 Re1 62. Rf2 Rc1 63. Kg2 Rd1 64. Re2 Rb1 65. Re5+ Kg6 66. Re2 Kf5 67. Kf3 Rf1+ 68. Rf2 Re1 69. Rh2 Kg6 70. Kf2 Rb1 71. Ke3 Rg1 72. Kf3 Re1 73. Re2 Rb1 74. Ke4 Kf6 75. Kd3 Rg1 76. Re3 Rc1 77. b3 Rc8 78. Kd2 Rc5 79. Re4 Rc3 80. Re3 Rc5 81. Kd3 Rc8 82. Kd4 Rc6 83. Re5 Rc3 84. Rxh5 Rxb3 85. Rg5 Rb1 86. Ke4 b3 87. Rb5 b2 88. Rb6+ Ke7 89. Kf5 Rg1 90. Rb7+ Ke8 91. Rxb2 Rxg3 92. Kf6 Rh3 93. f5 Rg3 94. Rb8+ Kd7 95. Rb7+ Ke8 96. Rg7 Re3 97. Rg8+ Kd7 98. Kf7 Re7+ 99. Kg6 Re2 100. f6 Rg2+ 101. Kf7 Re2 102. Rg1 Rd2 103. Kg7 Ke6 104. f7 Rd7 105. Re1+ Kf5 106. Kg8 1-0